000 00328nam a2200145 i 4500
001 bg
100 1 _aCHARIS-CANDRA,
245 0 _aAvtomorfnyje formy na poluprostych gruppach Li.
260 _aMoskva,
_c1971.
040 _cBPK
041 _apol
080 _a517.8
942 _cKS
008 s pl f |000 0 pol
999 _c9183
_d9183
856 _uhttp://koha.tu.koszalin.pl/cgi-bin/koha/opac-detail.pl?biblionumber=9183
_yKatalog online BPK